000 00631nam a2200181Ia 4500
008 100920s9999 xx 000 0 und d
082 _b84206
_a539 न 02
100 _aशिरवाडकर वसंत.
245 _aनिसर्ग विज्ञान परिचय.
260 _bपृथ्वी प्रकाशन ,मुंबई.
_c2002
300 _a192
_bसाधी
365 _b235
520 _aशाआ.
630 _aनिसर्ग विज्ञान परिचय.
650 _aशाआ.
730 _aनिसर्ग विज्ञान परिचय.
942 _cBOOK
999 _c724789
_d724786